000 00748nam a2200265Ia 4500
003 OSt
005 20220924122422.0
006 a|||||r|||| 00| 0
007 ta
008 220923b |||||||| |||| 00| 0 per d
020 _c150.00
024 _a331043
037 _cTextual
040 _aARTS
_cARTS
_bper
041 _2per
_aper
082 _aV2,1.M, 164M6
100 _aKhan Tahmas Beg Au.
_9189461
245 0 _aTahmas namah
260 _aLahore
_bUniversity of the Punjab Pakistan
_c1986
300 _a385p.
_ccm.
650 _aPERSIAN LANGUAGE - HISTORY
700 _a Aslam Muhammad Ed.
_9189462
942 _hV2,1.M, 164M6
_cTEXL
_2CC
999 _c411572
_d411572